|
|
|
|
| LEADER |
01432nam a2200385Ia 4500 |
| 001 |
EBC615602 |
| 003 |
MiAaPQ |
| 005 |
20200520144314.0 |
| 006 |
m o d | |
| 007 |
cr cn||||||||| |
| 008 |
100416s2010 enk sb a 001 0 eng d |
| 010 |
|
|
|z 2010015704
|
| 020 |
|
|
|z 9781409403883
|
| 020 |
|
|
|z 9781409403890
|
| 035 |
|
|
|a (MiAaPQ)EBC615602
|
| 035 |
|
|
|a (Au-PeEL)EBL615602
|
| 035 |
|
|
|a (CaPaEBR)ebr10431324
|
| 035 |
|
|
|a (CaONFJC)MIL290718
|
| 035 |
|
|
|a (OCoLC)695008878
|
| 040 |
|
|
|a MiAaPQ
|c MiAaPQ
|d MiAaPQ
|
| 050 |
|
4 |
|a HF5549.5.M5
|b M364 2010
|
| 082 |
0 |
4 |
|a 658.3
|2 22
|
| 245 |
0 |
0 |
|a Managing the multi-generational workforce
|h [electronic resource] :
|b from the GI generation to the millennials /
|c Robert G. DelCampo ... [et al.].
|
| 260 |
|
|
|a Farnham ;
|a Burlington, VT :
|b Gower,
|c 2010.
|
| 300 |
|
|
|a xvi, 98 p.
|
| 504 |
|
|
|a Includes bibliographical references and index.
|
| 533 |
|
|
|a Electronic reproduction. Ann Arbor, MI : ProQuest, 2015. Available via World Wide Web. Access may be limited to ProQuest affiliated libraries.
|
| 650 |
|
0 |
|a Diversity in the workplace
|x Management.
|
| 650 |
|
0 |
|a Conflict of generations.
|
| 650 |
|
0 |
|a Intergenerational relations.
|
| 650 |
|
0 |
|a Personnel management.
|
| 655 |
|
4 |
|a Electronic books.
|
| 700 |
1 |
|
|a DelCampo, Robert G.
|
| 710 |
2 |
|
|a ProQuest (Firm)
|
| 856 |
4 |
0 |
|u https://ebookcentral.proquest.com/lib/matrademy/detail.action?docID=615602
|z Click to View
|